| 000 | nam a22 a 4500 | ||
|---|---|---|---|
| 999 |
_c1407 _d1407 |
||
| 005 | 20170509141132.0 | ||
| 008 | 170509b1976 nyu||||| |||| 00| 0 eng d | ||
| 020 | _a0393011259 | ||
| 040 | _aAKMAL | ||
| 082 | _a301.41'1 KOM | ||
| 090 |
_a301.41'1 _bKOM |
||
| 100 | 1 |
_aKomarovsky, Mirra, _d1906 _92762 |
|
| 245 | 1 | 0 |
_aDilemmas of masculinity : _ba study of college youth / _cMirra Komarovsky. |
| 250 | _a1st ed | ||
| 260 |
_aNew York : _bNorton, _c1976. |
||
| 300 |
_ax, 274 p. _c22 cm |
||
| 500 | _aIncludes index. | ||
| 504 | _a Bibliography: p. [259]-266. | ||
| 599 | _aDALAM PROSES | ||
| 650 | 0 |
_aMasculinity _zUnited States. _92763 |
|
| 650 | 0 |
_aCollege students _xSexual behavior _zUnited States. _92764 |
|
| 852 | 4 |
_aBritish Library _bDSC |
|
| 942 |
_2ddc _cBOOK |
||